=LDR 00000nam 2200000 4500 =001 INLIS000000000007575 =005 20130612095543 =008 ***********************************Ind** =035 ##$$0010-061300000007575 =041 ##$$a Ind =082 ##$$a 152.4 =090 ##$$a 152.4, Har r =100 ##$$a Hanck, Paul =245 ##$$a Rasa cemburu, mengapa terjadi bagaimana mengatasinya, Dr. Paul Hanck =260 ##$$a 1992 $b Jakarta =300 ##$$a vi, 168 hlm., 19 cm =650 ##$$a Emosi